| 000 | 00526nam a22001817a 4500 | ||
|---|---|---|---|
| 003 | OSt | ||
| 005 | 20260417172454.0 | ||
| 008 | 260417b |||||||| |||| 00| 0 eng d | ||
| 020 | _a979-8218499792 | ||
| 040 | _cDDC | ||
| 082 | _a338.04 FOX 2024 | ||
| 100 |
_aFox, Garrett _919590 |
||
| 245 | _aThe Entrepreneurial Outline: essential strategies and insights for aspiring entrepreneurs | ||
| 260 | _a IngramSparks; B0DFQGHYFL, 2024 | ||
| 300 | _a100p.; 21.5cm | ||
| 650 |
_aEntrepreneurship _96831 |
||
| 942 |
_2ddc _cO_SHELF |
||
| 999 |
_c9636 _d9636 |
||